| 000 | 00494nam a2200181Ia 4500 | ||
|---|---|---|---|
| 005 | 20251020182553.0 | ||
| 008 | 200515s9999 xx 000 0 und d | ||
| 082 | _aR/65.016/M26 | ||
| 100 | _aMARIN QUIROS, Francisco QUIRÓS CASADO, Antonio TORRES LOZANO, Antonio | ||
| 245 | 0 | _aClipper : técnicas, aplicaciones y rutinas de programación | |
| 260 | _aMadrid | ||
| 260 | _c1989 | ||
| 300 | _a422 | ||
| 650 | _aCLIPPER | ||
| 650 | _aLIB | ||
| 650 | _aSOFTWAREDE APLICACION | ||
| 942 | _cLIB | ||
| 999 |
_c2784 _d2784 |
||